00867 a2200205 4500001000700000020001800007040003200025100001700057245002300074260000800097300004500105362000900150490002300159520037500182650000900557650002600566650002500592650001300617650003100630124999 a9780064442596 cEscola Canadense de Niteroi aLittle, Jean10aEmma's strange pet aUSA a64 p.c5 x 0.16 x 8.5 inches (paperback)0 a20030 aAn I Can Read Book aPet wanted! Max wants a furry pet. Emma wants a pet too, but she's allergic to animals with fur. When Emma finds the perfect animal, will Max like his sister's strange pet? Emma’s Strange Pet is a Level 3 I Can Read Book, which means it’s perfect for independent reading. Kids will love reading this high-interest story about Emma and Max’s fun with their new pet! 4aPets 4aChildren's Literature 4aBrothers and Sisters 4aAdoption 4aHuman and Animal Relations